000 00328nam a2200169Ia 4500
100 _aMargolis/Michael
650 _aArduino
942 _cBK
366 _f20
654 _aarduino
245 _aArduino cook book
260 _bOreilly
_c2012
082 _a5.133
_bMAR
300 _a699
546 _aENGLISH
999 _c26297
_d26297